000
00444nam a2200169Ia 4500
008
100122s9999 xx 000 0 und d
082
_b
28402
_a
821
100
_a
कालिदास
245
_a
मेघदूत
250
_a
2
260
_b
सरिता प्रक ाशन
_c
1905
300
_a
95
630
_a
मेघदूत
700
_a
लेखक शोधणे
730
_a
मेघदूत
942
_c
BOOK
999
_c
414075
_d
414072